| 000 | 00579nam a22001817a 4500 | ||
|---|---|---|---|
| 005 | 20140715123114.0 | ||
| 010 | _aENG-109886 | ||
| 020 |
_a9788184982657 _c400.00 |
||
| 035 | _aEN-93419 | ||
| 037 | _bDBAD/PUB | ||
| 082 | _a887 | ||
| 100 | _aScottoline, Lisa | ||
| 245 | 0 | 0 |
_aWhy my third husband will be a dog : _cby Lisa Scottoline _bthe amazing adventures of an ordinary woman / |
| 260 |
_aPune _bMehta Publishing House _c2011 |
||
| 270 |
_a1941, Sadashiv Peth, Mediwalie Colony _bPune _e411030 |
||
| 300 |
_a288p. _c22cm(pbk) |
||
| 942 |
_2ddc _cEN _mSCO _h887 |
||
| 999 |
_c83766 _d83766 |
||